| 000 | 00624nam a2200217 a 4500 | ||
|---|---|---|---|
| 001 | BRCA_7422 | ||
| 005 | 20190320205829.0 | ||
| 008 | 040413s1923----gw-a######---#000-0#ger-# | ||
| 041 | _ager | ||
| 044 | _agw | ||
| 050 | 4 |
_aNK5150 _b.P39 1923 |
|
| 100 | 1 |
_aPazaurek, Gustav E. _918293 |
|
| 245 | 1 | 0 |
_aGlaser der Empire und Biedermeierzeit _cvon Gustav E. Pazaurek. |
| 260 |
_aLeipzig _bKlinkhardt & Biermann _c1923 |
||
| 300 |
_a412 p. _bil. a color, 6 láminas |
||
| 440 | 0 |
_aMonographien des Kunstgewerbes _v13/15 _918294 |
|
| 500 | _aQ158 | ||
| 650 | 1 | 4 |
_aCristalerĂa _zAlemania _918295 |
| 902 | _aGFM | ||
| 942 |
_2lcc _cB |
||
| 999 |
_c7098 _d7098 |
||